000 00839cam a22002777a 4500
003 CHAP
005 20220329135532.0
008 971013s1973 r 00010 d
010 _a38157
011 _a39129
035 _a43249
040 _cCHAP
090 _aFolleto 4466
100 0 0 _aPaton, J. R.
_986200
245 1 4 _aThe importance of standards in the export industry
260 _aNorth Sydney :
_bStandards Association of Australia,
_c1973
300 _a13 p.
590 _aBATCH-UPD
_b10
_c20130110
_lUCH01
_h2101
590 _aBATCH-UPD
_b10
_c20130410
_lUCH01
_h1413
590 _aBATCH-UPD
_b10
_c20130914
_lUCH01
_h1336
590 _aCONVERSION
_b10
_c20130109
_lUCH01
_h1321
650 1 4 _aExportación e importación.
_939074
901 _aBK
942 _cFOLL
949 _aFolleto 4466
_bBC
_cFOLL
_d-99222
_eTS1
_i43249
_mD
_si
999 _c38157
_d38157